000 00463nam a2200145 i 4500
001 58152
003 ES-MaACL
007 t|
008 031021s1909 fr ||||1| fre d
100 1 _aDupuis, Charles.
_946125
245 1 3 _aLe principe d'équilibre et le concert européen de la paix de Westphalie a l'acte d'Algésiras /
_cCharles Dupuis.
260 _aParis :
_b[s.n.],
_c1909 (
_eTours :
_fE. Arrault et Cie)
300 _a525 p.
852 _aES-MaACL
_jB-5613
999 _c58152
_d58152